[Event "Titled Tuesday intern op 17th May Early"]
[Site "Chess.com INT"]
[Date "2022.05.17"]
[Round "7"]
[White "Gong, Patrick"]
[Black "Kuznetsov, Mikhail V"]
[Result "0-1"]
[WhiteElo "2312"]
[BlackElo "2234"]
[PlyCount "126"]
[EventDate "2022.05.17"]
[EventType "swiss (blitz)"]
[EventRounds "11"]
[EventCountry "USA"]
[SourceTitle "CBM 208 Extra"]
[Source "ChessBase"]
[SourceDate "2022.07.31"]
[SourceVersion "1"]
[SourceVersionDate "2022.07.31"]
[SourceQuality "1"]

1. e4 c6 2. d4 d5 3. Nd2 dxe4 4. Nxe4 Nf6 5. Nxf6+ exf6 6. Bc4 Bd6 7. Qe2+ Be7 8. c3 0-0 9. Be3 a5 10. h3 b5 11. Bd3 Be6 12. Qc2 Kh8 13. Ne2 Bd6 14. 0-0 Re8 15. b3 Nd7 16. Rae1 Nf8 17. Bd2 Ng6 18. f4 Nh4 19. g3 Bxh3 20. gxh4 Bxf1 21. Rxf1 f5 22. Be1 g6 23. Bg3 Re3 24. Kf2 Qe7 25. c4 b4 26. c5 Bc7 27. Bc4 Re8 28. Qd2 Kg8 29. Re1 Qe4 30. Kg1 Rxg3+ 31. Nxg3 Qxe1+ 32. Qxe1 Rxe1+ 33. Kf2 Ra1 34. d5 Rxa2+ 35. Kf3 cxd5 36. Bxd5 Ra3 37. Ne2 a4 38. Nd4 axb3 39. Nxb3 Kf8 40. h5 Ke7 41. hxg6 fxg6 42. Ke2 Bxf4 43. Nd4 Bc7 44. Nb5 Be5 45. c6 Kd8 46. Bg8 h5 47. Bh7 h4 48. Bxg6 h3 49. Bxf5 h2 50. Be4 Ra1 51. c7+ Bxc7 52. Nd4 h1Q 53. Ne6+ Kd7 54. Bxh1 Rxh1 55. Nc5+ Kc8 56. Kd3 Rh3+ 57. Kc4 Bd6 58. Ne4 Kd7 59. Ng5 Rh4+ 60. Kb3 Rg4 61. Nf3 Rg3 62. Ka4 Rxf3 63. Kb5 b3 0-1

[Event "Titled Tuesday intern op 17th May Early"]
[Site "Chess.com INT"]
[Date "2022.05.17"]
[Round "11"]
[White "Gong, Patrick"]
[Black "Melikhov, Evgeny V"]
[Result "1-0"]
[WhiteElo "2312"]
[BlackElo "2292"]
[PlyCount "37"]
[EventDate "2022.05.17"]
[EventType "swiss (blitz)"]
[EventRounds "11"]
[EventCountry "USA"]
[SourceTitle "CBM 208 Extra"]
[Source "ChessBase"]
[SourceDate "2022.07.31"]
[SourceVersion "1"]
[SourceVersionDate "2022.07.31"]
[SourceQuality "1"]

1. e4 e5 2. d4 exd4 3. Nf3 Nc6 4. Nxd4 Bc5 5. Nb3 Bb6 6. Qe2 Nf6 7. e5 Nd5 8. c4 Nde7 9. c5 Ba5+ 10. Nxa5 Nxa5 11. Bg5 Nac6 12. Nc3 0-0 13. 0-0-0 b6 14. Nd5 bxc5 15. Nf6+ gxf6 16. Bxf6 Nxe5 17. Qxe5 Ng6 18. Qc3 Qe8 19. Re1 1-0

[Event "Helsingor Xtracon op"]
[Site "Helsingor"]
[Date "2019.07.25"]
[Round "7"]
[White "Gong, Patrick"]
[Black "Bronnum, Jan"]
[Result "1-0"]
[WhiteElo "2336"]
[BlackElo "2046"]
[PlyCount "35"]
[EventDate "2019.07.20"]
[EventType "swiss"]
[EventRounds "10"]
[EventCountry "DEN"]
[SourceTitle "CBM 191 Extra"]
[Source "ChessBase"]
[SourceDate "2019.09.30"]
[SourceVersion "1"]
[SourceVersionDate "2019.09.30"]
[SourceQuality "1"]

1. e4 d5 2. exd5 Qxd5 3. Nc3 Qa5 4. d4 c6 5. Nf3 Bf5 6. Ne5 Be6 7. Bf4 Nf6 8. Qd2 Nbd7 9. b4 Qd8 10. Rd1 Nd5 11. Nxd5 cxd5 12. c4 Nxe5 13. Bxe5 dxc4 14. d5 Bd7 15. Bxc4 Rc8 16. Be2 Ba4 17. 0-0 Rc2 18. Qxc2 1-0

[Event "Helsingor Xtracon op"]
[Site "Helsingor"]
[Date "2019.07.24"]
[Round "6"]
[White "Weber, Samuel"]
[Black "Gong, Patrick"]
[Result "1-0"]
[WhiteElo "2203"]
[BlackElo "2336"]
[PlyCount "75"]
[EventDate "2019.07.20"]
[EventType "swiss"]
[EventRounds "10"]
[EventCountry "DEN"]
[SourceTitle "CBM 191 Extra"]
[Source "ChessBase"]
[SourceDate "2019.09.30"]
[SourceVersion "1"]
[SourceVersionDate "2019.09.30"]
[SourceQuality "1"]

1. g3 g6 2. Bg2 Bg7 3. Nf3 c5 4. e4 Nc6 5. 0-0 e6 6. d3 Nge7 7. Nbd2 0-0 8. c3 d5 9. Re1 Re8 10. e5 Qc7 11. Qe2 b5 12. Nb3 c4 13. Nbd4 Rb8 14. Nxc6 Nxc6 15. d4 b4 16. h4 a5 17. h5 a4 18. a3 bxc3 19. bxc3 Qe7 20. Nh2 Rb3 21. Qc2 Na7 22. Ng4 Nb5 23. Bd2 Bd7 24. Qc1 Qf8 25. Nf6+ Bxf6 26. exf6 Rxa3 27. Rb1 Rb3 28. Ra1 Ra8 29. Bh6 Qd8 30. Qf4 Qb8 31. Re5 Nd6 32. hxg6 fxg6 33. Rxd5 Nf7 34. Rxd7 Ra5 35. Bh3 Rb1+ 36. Rxb1 Qxb1+ 37. Kg2 Rh5 38. Rxf7 1-0

[Event "Helsingor Xtracon op"]
[Site "Helsingor"]
[Date "2019.07.21"]
[Round "3"]
[White "Gong, Patrick"]
[Black "Moiseenko, Alexander"]
[Result "0-1"]
[WhiteElo "2336"]
[BlackElo "2628"]
[PlyCount "98"]
[EventDate "2019.07.20"]
[EventType "swiss"]
[EventRounds "10"]
[EventCountry "DEN"]
[SourceTitle "CBM 191 Extra"]
[Source "ChessBase"]
[SourceDate "2019.09.30"]
[SourceVersion "1"]
[SourceVersionDate "2019.09.30"]
[SourceQuality "1"]

1. g3 e5 2. Bg2 d5 3. d3 c5 4. c4 d4 5. Nf3 Nc6 6. 0-0 Bd6 7. a3 a5 8. a4 f5 9. Na3 Nf6 10. Nb5 h6 11. e3 0-0 12. exd4 cxd4 13. Re1 Re8 14. Nd2 Bb4 15. b3 e4 16. Ba3 e3 17. fxe3 dxe3 18. Bxb4 Nxb4 19. Nf1 f4 20. gxf4 Bg4 21. Bf3 Bxf3 22. Qxf3 Nc2 23. Rac1 Nxe1 24. Rxe1 Qd7 25. Ng3 Rad8 26. d4 Qe7 27. Nf5 Qb4 28. Rxe3 Rxe3 29. Qxe3 Re8 30. Qc3 Re1+ 31. Kg2 Re2+ 32. Kf1 Qxc3 33. Nxc3 Rxh2 34. c5 Rh3 35. Nb5 Nd5 36. Nfd6 b6 37. c6 Rxb3 38. c7 Nxc7 39. Nxc7 Rb4 40. Ndb5 Rxa4 41. Ke2 h5 42. Ke3 h4 43. Kf3 Ra1 44. d5 a4 45. d6 Rd1 46. Ne6 h3 47. Kg3 Rd5 48. f5 Rxb5 49. Nf4 Kf7 0-1